000 00974nam a22002537a 4500
005 20240530110543.0
008 151217s2013 ua ak g b 000 0 ara d
017 _a2012/11814
_bمصر . دار الكتب المصرية
040 _aEG-CaGPL
082 0 4 _221
_a658.4\
_bم ف
100 0 _aمحمود امين زويل
245 1 2 _aالفكر الادارى و الادارة فى التطبيق العلمى /
_cاعداد محمود امين زويل
250 _aط1
260 _aالاسكندرية :
_bمكتبة الوفاء القانونية ،
_c2013 .
300 _a191 ص :
_bايض ؛
_c24 سم .
504 _aيشتمل على ارجاعات ببليوجرافية
650 0 4 _aالادارة
_xتطوير
650 0 4 _aادارة الافراد
650 0 4 _aالقيادة الادارية
650 0 4 _aالرقابة
650 0 4 _aالاتصالات الادارية
942 _2ddc
_cBK
999 _c62290
_d62290